Logo BPK

Biblioteka

Politechniki Koszalińskiej

Akcja "Wisła" : (Rekord nr 29811)

Szczegóły MARC
000 -ETYKIETA REKORDU
podpole kontrolne o stałej długości 00483nam a2200157 i 4500
001 - NUMER KONTROLNY REKORDU
pole kontrolne bg
040 ## - ŹRÓDŁO KATALOGOWANIA
Instytucja, która utworzyła rekord BPK
041 ## - KOD JĘZYKA
Kod języka tekstu pol
080 ## - UNIWERSALNA KLASYFIKACJA DZIESIĘTNA - UKD
UKD 943.8.083:947.7]"1944/1948"(093)
008 - POLE O STAŁEJ DŁUGOŚCI - DANE KONTROLNE
podpole kontrolne o stałej długości s pl f |000 0 pol
245 #0 - TYTUŁ/ODPOWIEDZIALNOŚĆ
Tytuł Akcja "Wisła" :
Ciąg dalszy tytułu dokumenty /
Pozostałe elementy strefy tytułu i oznaczenia odpowiedzialności oprac. Eugeniusz Misiło.
260 ## - STREFA ADRESU WYDAWNICZEGO
Miejsce wydania Warszawa :
Nazwa wydawcy/dystrybutora Archiwum Ukraińskie. Zakł. Wydaw. "Tyrsa",
Data publikacji, dystrybucji/powstania dokumentu 1993.
300 ## - STREFA OPISU FIZYCZNEGO
Objętość 524 s. :
Inne cechy fizyczne faks., fot., portr ;
Rozmiary 24 cm.
700 1# - HASŁO DODATKOWE - NAZWA OSOBOWA
Nazwa osobowa Misiło, Eugeniusz.
Określenie związku między hasłem a opisywanym materiałem Oprac.
856 ## - LOKALIZACJA I DOSTĘP DO ELEKTRONICZNYCH DOKUMENTÓW ZDALNYCH
Link (URL) http://koha.tu.koszalin.pl/cgi-bin/koha/opac-detail.pl?biblionumber=29811
Tekst linku Katalog online BPK
942 ## - DODATKOWE ELEMENTY (KOHA)
Typ dokumentu Książka
Egzemplarze
Wycofany Status egzemplarza Uszkodzony Dostępność Lokalizacja stała Lokalizacja bieżąca Miejsce przechowywania Sygnatura Kod kreskowy Typ dokumentu
      Dostępny Biblioteka Politechniki Koszalińskiej Biblioteka Politechniki Koszalińskiej Wypożyczalnia BG 36203 01594348 Książka
© 2023 Biblioteka Politechniki Koszalińskiej :: KOHA